000 00241nam a2200097Ia 4500
001 1137592
005 20250827005229.0
008 250824s9999 xx 000 0 und d
245 0 _aMETE HANIN OĞLU
_cAHMED HALDUN
260 _bPANAMA YAYINLARI
999 _c1137592
_d1137592